| 000 | 00000nas 2200000zi 4500 |
| 001 | 9.920057 |
| 003 | CaOODSP |
| 005 | 20250129101330 |
| 006 | m o d f |
| 007 | cr ||||||||||| |
| 008 | 230214d20012005quc x m ot f0###|0fre|d |
| 040 | |aCaOODSP|bfre|erda|cCaOODSP |
| 043 | |an-cn--- |
| 086 | 1 |aEn57-52F-PDF|zEn57-48F-PDF |
| 130 | 0 |aRapport technique SMC - Section hydrologie. |
| 245 | 10|aRapport technique. |
| 264 | 1|aSainte-Foy, Québec : |bEnvironnement Canada, Service météorologique du Canada |
| 310 | |aIrrégulier |
| 336 | |atexte|btxt|2rdacontent/fre |
| 337 | |ainformatique|bc|2rdamedia/fre |
| 338 | |aressource en ligne|bcr|2rdacarrier/fre |
| 500 | |aÉdition numérisée de l’imprimé [par Environnement et changement climatique Canada]. |
| 500 | |aPublié aussi en anglais sous le titre : Technical report. |
| 588 | |aDescription d'après : RT-100. |
| 650 | 6|aHydrologie|zCanada. |
| 650 | 6|aEnvironnement|xSurveillance|zCanada. |
| 710 | 2 |aService météorologique du Canada. |bRégion du Québec. |bSection hydrologie. |
| 775 | 08|tTechnical report.|w(CaOODSP)9.919991 |